书目信息 |
| 题名: |
PLC应用与编程技术
|
|
| 作者: | 隋振有 , 隋凤香 编著 | |
| 分册: | ||
| 出版信息: | 北京 中国电力出版社 2009.03 |
|
| 页数: | 400页 | |
| 开本: | 21cm | |
| 丛书名: | ||
| 单 册: | ||
| 中图分类: | TP332.3 | |
| 科图分类: | ||
| 主题词: | 可编程序控制器--ke bian cheng xu kong zhi qi--程序设计 | |
| 电子资源: | ||
| ISBN: | 978-7-5083-8009-4 | |
| 000 | 00933nam0 2200253 450 | |
| 001 | 012009573371 | |
| 005 | 20091128160036.39 | |
| 010 | @a978-7-5083-8009-4@dCNY32.00 | |
| 100 | @a20091128d2009 em y0chiy0120 ea | |
| 101 | 0 | @achi |
| 102 | @aCN@b110000 | |
| 105 | @ak a 000yy | |
| 106 | @ar | |
| 200 | 1 | @aPLC应用与编程技术@APLC ying yong yu bian cheng ji shu@f隋振有, 隋凤香编著@Fsui zhen you,sui feng xiang bian zhu |
| 210 | @a北京@c中国电力出版社@d2009.03 | |
| 215 | @a400页@d21cm | |
| 320 | @a有书目 (第538页) | |
| 330 | @a本书系统地介绍了PLC识、硬件结构、软件资源和PLC装、运行调试及维护,从实际应用出发,以S7-200为样机,探讨了其软、硬 件配置和应用中的一些技术问题。 | |
| 606 | 0 | @a可编程序控制器@Ake bian cheng xu kong zhi qi@x程序设计 |
| 690 | @aTP332.3@v4 | |
| 701 | 0 | @a隋振有@Asui zhen you@4编著 |
| 701 | 0 | @a隋凤香@Asui feng xiang@4编著 |
| 801 | 0 | @aCN@bQSSK@c20091128 |
| 905 | @b767384-86@dTP332.3@eS885@f3 | |
| PLC应用与编程技术/隋振有, 隋凤香编著.-北京:中国电力出版社,2009.03 |
| 400页;21cm |
| ISBN 978-7-5083-8009-4:CNY32.00 |
| 本书系统地介绍了PLC识、硬件结构、软件资源和PLC装、运行调试及维护,从实际应用出发,以S7-200为样机,探讨了其软、硬 件配置和应用中的一些技术问题。 |
| ● |
| 相关链接 |
|
|
|
正题名:PLC应用与编程技术
索取号:TP332.3/S885
 
预约/预借
| 序号 | 登录号 | 条形码 | 馆藏地/架位号 | 状态 | 备注 |
| 1 | 767384 | 207673846 | 自科库301/ [索取号:TP332.3/S885] | 在馆 | |
| 2 | 767385 | 207673855 | 自科库301/301自科库 61排4列4层/ [索取号:TP332.3/S885] | 在馆 | |
| 3 | 767386 | 207673864 | 自科库301/301自科库 61排4列4层/ [索取号:TP332.3/S885] | 在馆 |